000 00356cam a2200145ua 4500
041 _aeng
_h
082 _a420
_bWRE/EN
100 _aWrenn, C L .
245 _aEnglish language /
_cC L Warren.
_hTextual Documents
260 _aLondon :
_bEnglish Language Book Society ,
_c1952.
300 _a236 ; .
504 _a
942 _cBK
999 _c12645
_d12645